000 00578nam a22001697a 4500
003 DO-SdBNP
005 20171129134725.0
008 171129b 1967 ag| 00| 0 spa d
040 _aDO-SdBNP
_bspa
_cDO-SdBNP
100 _aFerris, Elvira Binello,
_d1912-
245 _aEstructura y funciones del cuerpo humano /
_cElvira Binello Ferris ; traducción de Andrés Pirk
260 _aBuenos Aires :
_bCentro Regional de Ayuda Técnica
_c1954
300 _a144 p.;
_c29 cm.
942 _2ddc
_cBK
945 _aInventariado extranjero / 2017 VM
956 _aVMATEO
_b10
_c20171129
_dBPMSU
_f0069
999 _c13217
_d13217